L'omelette a la follembuche (Record no. 170181)

MARC details
000 -LEADER
campo de control de longitud fija 00709nam a22002055i 4500
001 - NÚMERO DE CONTROL
campo de control 170181
003 - IDENTIFICADOR DE NÚMERO DE CONTROL
campo de control ES-MaACL
005 - FECHA Y HORA DE LA ÚLTIMA TRANSACCIÓN
campo de control 20251003163438.0
008 - DATOS DE LONGITUD FIJA--INFORMACIÓN GENERAL
campo de control de longitud fija 090210s1947 fr |||| | fre d
080 ## - NÚMERO DE LA CLASIFICACIÓN DECIMAL UNIVERSAL
Número de la Clasificación Decimal Universal 78.089.1
100 1# - ENTRADA PRINCIPAL--NOMBRE DE PERSONA
Nombre de persona Labiche, Eugène.
9 (RLIN) 69236
245 12 - MENCIÓN DEL TÍTULO
Título L'omelette a la follembuche
Resto del título : opérette-bouffe en un acte /
Mención de responsabilidad, etc. par E. Labiche et Marc-Michel ; musique de Léo Delibes.
260 ## - PUBLICACIÓN, DISTRIBUCIÓN, ETC.
Lugar de publicación, distribución, etc. Paris :
Nombre del editor, distribuidor, etc. Stock,
Fecha de publicación, distribución, etc. 1947.
300 ## - DESCRIPCIÓN FÍSICA
Extensión 46 p. ;
Dimensiones 19 cm.
650 14 - PUNTO DE ACCESO ADICIONAL DE MATERIA--TÉRMINO DE MATERIA
Término de materia o nombre geográfico como elemento de entrada Operetas-
Subdivisión de forma Libretos.
9 (RLIN) 139352
700 1# - ENTRADA AGREGADA--NOMBRE PERSONAL
Nombre de persona Michel, Marc,
Fechas asociadas al nombre 1812-1868
9 (RLIN) 149496
700 1# - ENTRADA AGREGADA--NOMBRE PERSONAL
Nombre de persona Delibes, Léo.
9 (RLIN) 126744
852 ## - LOCALIZACIÓN
Ubicación ES-MaACL
Número de control de estantería 2247-F-3
itemnumber R.141011
Nota libre .- Biblioteca Jacinto Martínez Lacalle
Holdings
Estatus retirado Estado de pérdida Estado de daño No para préstamo Colección Biblioteca de origen Biblioteca actual Ubicación en estantería Fecha de adquisición Fuente de adquisición Total de préstamos Signatura topográfica completa Código de barras Visto por última vez Precio de reemplazo Tipo de ítem Koha
        Colección de folletos Biblioteca del Ateneo de Madrid Biblioteca del Ateneo de Madrid Depósito folletos 10/02/2009     2247-F-3 1178666 23/02/2023 23/02/2023 Folleto